Taproots for tall souls. (Record no. 12646)

000 -LEADER
fixed length control field 00585nam a2200193 a 4500
001 - CONTROL NUMBER
control field :::00010455$&:&@@
003 - CONTROL NUMBER IDENTIFIER
control field OkBaRHE
005 - DATE AND TIME OF LATEST TRANSACTION
control field 20000607103359.0
008 - FIXED-LENGTH DATA ELEMENTS--GENERAL INFORMATION
fixed length control field s1954 j 000 0 eng u
040 ## - CATALOGING SOURCE
Transcribing agency
100 1# - MAIN ENTRY--PERSONAL NAME
Personal name Hudson, R. Lofton (Robert Lofton).
245 10 - TITLE STATEMENT
Title Taproots for tall souls.
260 ## - PUBLICATION, DISTRIBUTION, ETC. (IMPRINT)
Place of publication, distribution, etc Nashville, TN., :
Name of publisher, distributor, etc Broadman Press
Date of publication, distribution, etc c1954
300 ## - PHYSICAL DESCRIPTION
Extent 148 p. ;
Dimensions 21 cm.
650 ## - SUBJECT ADDED ENTRY--TOPICAL TERM
Topical term or geographic name as entry element Christian Life
650 ## - SUBJECT ADDED ENTRY--TOPICAL TERM
Topical term or geographic name as entry element Psychology, Applied
942 ## - ADDED ENTRY ELEMENTS (KOHA)
Source of classification or shelving scheme
Koha item type Books
Copies
Date acquired Price effective from Copy number Shelving location Source of classification or shelving scheme Not for loan Damaged status Lost status Withdrawn status Koha item type Date last seen Full call number Barcode Permanent Location
2010-04-142010-04-141General Stacks     Books2010-04-14BV 4501 .H72410455RHEMA Bible Training College